Statistics for Top 10 Countries by Population Quiz

Click here to take the quiz!

General Stats

  • This quiz has been taken 20 times
  • The average score is 9 of 10

Answer Stats

PopulationCountry% Correct
1.4 billionChina
100%
1.4 billionIndia
100%
329 millionUnited states
100%
211 millionBrazil
100%
217 millionPakistan
89%
146 millionRussia
89%
201 millionNigeria
84%
128 millionMexico
84%
271 millionIndonesia
79%
163 millionBangladesh
79%

Score Distribution

Percentile by Number Answered

Percent of People with Each Score

Your Score History

You have not taken this quiz